Prime Numbers 1-200 - Sudden Death - Statistics

General Stats
  • This quiz has been taken 621 times
    586 since last reset
  • The average score is 17 of 46
Answers on the Grid
Answers color-coded by a green-red scale on the quiz's grid according to % correct below.
1
2
3
4
5
6
7
8
9
10
11
12
13
14
15
16
17
18
19
20
21
22
23
24
25
26
27
28
29
30
31
32
33
34
35
36
37
38
39
40
41
42
43
44
45
46
47
48
49
50
51
52
53
54
55
56
57
58
59
60
61
62
63
64
65
66
67
68
69
70
71
72
73
74
75
76
77
78
79
80
81
82
83
84
85
86
87
88
89
90
91
92
93
94
95
96
97
98
99
100
101
102
103
104
105
106
107
108
109
110
111
112
113
114
115
116
117
118
119
120
121
122
123
124
125
126
127
128
129
130
131
132
133
134
135
136
137
138
139
140
141
142
143
144
145
146
147
148
149
150
151
152
153
154
155
156
157
158
159
160
161
162
163
164
165
166
167
168
169
170
171
172
173
174
175
176
177
178
179
180
181
182
183
184
185
186
187
188
189
190
191
192
193
194
195
196
197
198
199
200
 
Answer Stats
Answer % Correct
2
93%
3
91%
7
90%
5
89%
11
85%
13
82%
17
82%
19
79%
23
78%
29
72%
37
70%
31
69%
43
60%
47
60%
41
59%
53
46%
61
35%
59
33%
67
32%
71
31%
73
31%
79
29%
83
29%
89
26%
97
20%
101
19%
107
19%
103
18%
109
18%
113
18%
127
12%
199
12%
131
11%
137
10%
149
10%
197
10%
139
9%
151
9%
157
9%
163
9%
167
9%
191
9%
193
9%
173
8%
179
8%
181
8%
No matching quizzes found
Score Distribution
Percent of People with Each Score
Percentile by Number Answered
Your Score History
You have not taken this quiz since the last reset